| 000 | 01190nam0a22002891 4500 | ||
|---|---|---|---|
| 001 | rc\3163154 | ||
| 005 | 20250530085341.0 | ||
| 021 |
_aRU _b[76-98047] |
||
| 035 | _a(NLR Aleph) 007326121 | ||
| 090 |
_a5960728 _c5960728 |
||
| 100 | _a20120615d1976 |||y0rusy50 ca | ||
| 101 | 0 | _arus | |
| 102 | _aRU | ||
| 105 | _aa b ||||| | ||
| 200 | 1 |
_aБыстродействующее устройство сопряжения дисплейных индикаторов с ЭВМ М-600 _fВ.И. Корнев, В.И. Приходько |
|
| 210 |
_aДубна _cОИЯИ _d1976 |
||
| 215 |
_a13 с. _cсхем. _d21 |
||
| 225 | 1 |
_aСообщения Объединенного института ядерных исследований _v10-9944 |
|
| 606 |
_aОтображения устройства _2psbo |
||
| 606 |
_aЦифровые вычислительные машины на интегральных микросхемах _xВводные и выводные устройства _2psbo |
||
| 700 | 1 |
_aКорнев _bВ.И. |
|
| 701 | 1 |
_aПриходько _bВ.И. |
|
| 801 | 0 |
_aRU _bNLR _gpsbo |
|
| 801 | 1 |
_aRU _bELAR _2rusmarc |
|
| 852 |
_aNLR _jП11/2061 |
||
| 942 | _cBOOK | ||
| 980 | _aNB | ||